000 00475 a2200169 4500
999 _c5045
_d5045
020 _a080410753
050 _aPS3570 TAN 1991
100 _aTan, Amy
_eauthor
245 _aThe kitchen God's wife /
_cAmy Tan
264 _aNew York :
_bIvy Books,
_c1991.
300 _a532p. :
500 _aNovel
650 _aChinese American families -- Fiction.
650 _aChinese Americans -- Fiction.
650 _aMothers and daughters -- Fiction.
942 _2lcc
_cBK
_h3570
_iTAN
_kPS